• 首页
  • 本馆介绍
  • 公告通知
  • 最新文献
  • 馆藏检索
  • 电子资源
  • 读者导购
  • 参考咨询
  • 我的图书馆
  • 登录
  • 详细信息显示
  • 放入我的书架
  • 预约/预借图书
  • 作者相关作品
  • 分类相关作品
  • 丛书相关作品
  • 出版社相关作品

书目信息

  • 表格格式
  • 工作单格式
  • 卡片格式
题名:
中国小说史料
    
 
作者: 孔另境 编
分册:  
出版信息: 上海   上海古籍出版社  1982.12
页数: 309页
开本: 19cm
丛书名:
单 册:
中图分类: I207.409
科图分类:
主题词: 文学--中国
电子资源:
ISBN:
000 00585nam0 2200205 450
001 0833461485
005 20081009092059.82
010    @dCNY0.94
091    @a10186.359
100    @a20081009d1982 km y0chiy0120 ea
101 0  @achi
102    @aCN@b310000
200 1  @a中国小说史料@Azhong guo xiao shuo shi liao@f孔另境编@Fkong ling jing bian
210    @a上海@c上海古籍出版社@d1982.12
215    @a309页@d19cm
606 0  @a文学@x中国
690    @aI207.409@v4
701  0 @a孔另境@Akong ling jing@4编
801  0 @aCN@b大连网信软件有限公司图书馆·11@c20081009
905    @aBZT@dI207.409@e1
    
    中国小说史料/孔另境编.-上海:上海古籍出版社,1982.12
    309页;19cm
    
    
    ISBN :CNY0.94
    
●
相关链接 在五车中查询图书 在当当中查询图书 在豆瓣中查询图书


正题名:中国小说史料     索取号:I207.409/1         预约/预借

序号 登录号 条形码 馆藏地/架位号 状态 备注
1 044062   201251233   中心书库中库/打包BH0951/ [索取号:I207.409/1] 在馆    
山东省滨州职业学院图书馆 欢迎您!
大连网信软件有限公司© 版权所有